| 000 | 01265cam a2200133 4500500 | ||
|---|---|---|---|
| 005 | 20260405090705.0 | ||
| 041 | _afre | ||
| 042 | _adc | ||
| 100 | 1 | 0 |
_aSymons, John _eauthor |
| 245 | 0 | 0 | _aDennett : un naturalisme en chantier |
| 260 |
_bPresses Universitaires de France,
_c2005. |
||
| 520 | _aSans prétendre retracer l’histoire du naturalisme ni le défendre contre ses adversaires, ce livre montre comment l’un de ses plus éminents représentants aborde certains problèmes importants de la philosophie, en particulier ceux liés à l’explication de la pensée et de la conscience. Le naturalisme contemporain est une méthode philosophique parmi d’autres et l’auteur montre la méthode naturaliste à l’œuvre. Comme le septicisme, le naturalisme est une attitude philosophique, optimiste et progressiste,plus qu’un ensemble de croyances. Le naturalisme de Dennett s’inscrit dans le prolongement de celui de Quine en l’augmentant d’une théorie concernant la vie de l’esprit et montre ainsi que le naturalisme n’est pas nécessairement une conception philosophique scientiste ou behavioriste bornée. | ||
| 856 | 4 | 1 | _uhttps://shs.cairn.info/dennett-un-naturalisme-en-chantier--9782130541837?lang=fr&redirect-ssocas=7080 |
| 999 |
_c2207263 _d2207263 |
||